Оффшорные правовые модели и их применение

Մատենագիտական մանրամասներ
Հիմնական հեղինակ: Гончаров А. А.
Ամփոփում:В книге рассматриваются основные правовые модели, используемые в оффшорных зонах для организации предпринимательской деятельности и привлечения иностранных инвестиций, раскрываются их положительные и отрицательные стороны в экономике. Дается краткий анализ деятельности организаций разного уровня (малого, среднего и крупного бизнеса) и соответствующих организационно-правовых форм в оффшорных зонах. Приводятся сведения о необходимых условиях для участия в оффшорных операциях и ведения эффективного бизнеса в зонах свободной торговли. В издании приведены примеры использования различных инноваций в работе коммерческих организаций России, Республики Беларусь и других стран СНГ. Рекомендовано юристам, студентам юридических и экономических вузов, а также предпринимателям, осуществляющим внешнеэкономическую деятельность.
Լեզու:ռուսերեն
Հրապարակվել է: Москва, Дата Сквер, 2009
Խորագրեր:
Ձևաչափ: Գիրք
KOHA link:https://koha.lib.tpu.ru/cgi-bin/koha/opac-detail.pl?biblionumber=165583

MARC

LEADER 00000nam0a2200000 4500
001 165583
005 20231101222549.0
010 |a 9785917720012 
035 |a (RuTPU)RU\TPU\book\179623 
090 |a 165583 
100 |a 20090921d2009 km y0rusy50 ca 
101 0 |a rus 
102 |a RU 
105 |a y z 001zy 
200 1 |a Оффшорные правовые модели и их применение  |f А. А. Гончаров 
210 |a Москва  |c Дата Сквер  |d 2009 
215 |a 192 с. 
320 |a Библиогр.: с. 167-180. 
330 |a В книге рассматриваются основные правовые модели, используемые в оффшорных зонах для организации предпринимательской деятельности и привлечения иностранных инвестиций, раскрываются их положительные и отрицательные стороны в экономике. Дается краткий анализ деятельности организаций разного уровня (малого, среднего и крупного бизнеса) и соответствующих организационно-правовых форм в оффшорных зонах. Приводятся сведения о необходимых условиях для участия в оффшорных операциях и ведения эффективного бизнеса в зонах свободной торговли. В издании приведены примеры использования различных инноваций в работе коммерческих организаций России, Республики Беларусь и других стран СНГ. Рекомендовано юристам, студентам юридических и экономических вузов, а также предпринимателям, осуществляющим внешнеэкономическую деятельность. 
606 1 |a Хозяйственное право  |2 stltpush  |3 (RuTPU)RU\TPU\subj\17446  |9 43085 
610 1 |a предпринимательская деятельность 
610 1 |a предпринимательское право 
610 1 |a офшорные зоны 
610 1 |a правовое регулирование 
610 1 |a англо-американские правовые модели 
610 1 |a компании 
610 1 |a корпорации 
610 1 |a транснациональные объединения 
610 1 |a фонды 
610 1 |a коммерческие организации 
610 1 |a акционерные общества 
610 1 |a Европейская модель 
610 1 |a инновационная деятельность 
610 1 |a риски 
686 |a Х623  |v LBC/SL-A  |2 rubbk 
700 1 |a Гончаров  |b А. А. 
801 1 |a RU  |b 63413507  |c 20090921 
801 2 |a RU  |b 63413507  |c 20160115  |g RCR 
942 |c BK 
959 |a 97/20090921  |d 2  |e 169,00  |f АНЛ:1  |f ЧЗГЛ:1